000 00348 a2200157 4500
001 59738
020 _a9783190016792
040 _cAnchieta - Pituba
100 _aKopp, Gabiele
240 1 0 _aPlanet 2
_lpor
245 1 0 _aPlanet 2
300 _a128
362 0 _a2005
650 4 _aLínguas germânicas (teutônicas) língua alemã
942 _cBK
999 _c59738
_d59738